State Attorneys General by Picture - Statistics

General Stats
  • This quiz has been taken 78 times
    13 since last reset
  • The average score is 27 of 50
Answer Stats
Picture Hint Answer % Correct
Texas - R Ken Paxton
90%
New York - D Letitia James
90%
Virginia - D Jay Jones
80%
Minnesota - DFL Keith Ellison
80%
Arizona - D Kris Mayes
80%
Nevada - D Aaron D. Ford
70%
Maryland - D Anthony Brown
70%
Iowa - R Brenna Bird
70%
Georgia - R Chris Carr
70%
Michigan - D Dana Nessel
70%
Pennsylvania - R Dave Sunday
70%
Ohio - R Dave Yost
70%
Utah - R Derek Brown
70%
Florida - R James Uthmeier
70%
North Carolina - D Jeff Jackson
70%
Washington - D Nick Brown
70%
Colorado - D Phil Weiser
70%
California - D Rob Bonta
70%
South Carolina - R Alan Wilson
60%
Massachusetts - D Andrea Campbell
60%
Oklahoma - R Gentner Drummond
60%
Wisconsin - D Josh Kaul
60%
Kansas - R Kris Kobach
60%
Illinois - D Kwame Raoul
60%
Alabama - R Steve Marshall
60%
Indiana - R Todd Rokita
60%
Maine - D Aaron Frey
50%
Vermont - D Charity Clark
50%
South Dakota - R Marty Jackley
50%
Rhode Island - D Peter Neronha
50%
Idaho - R Raúl Labrador
50%
New Hampshire - R John Formella
40%
Delaware - D Kathy Jennings
40%
Alaska - R Treg Taylor
40%
Connecticut - D William Tong
40%
Hawaii - D Anne Lopez
30%
Montana - R Austin Knudsen
30%
Missouri - R Catherine Hanaway
30%
North Dakota - R Drew Wrigley
30%
West Virginia - R JB McCuskey
30%
New Jersey - D Jennifer Davenport
30%
Tennessee - R Jonathan Skrmetti
30%
Louisiana - R Liz Murrill
30%
Mississippi - R Lynn Fitch
30%
Nebraska - R Mike Hilgers
30%
New Mexico - D Raúl Torrez
30%
Kentucky - R Russell Coleman
30%
Arkansas - R Tim Griffin
30%
Oregon - D Dan Rayfield
20%
Wyoming - R Keith Kautz
20%
No matching quizzes found
Score Distribution
Percent of People with Each Score
Percentile by Number Answered
Your Score History
You have not taken this quiz since the last reset